| 000 | 01293nam a2200253Ia 4500 | ||
|---|---|---|---|
| 003 | Ost | ||
| 005 | 20260507075338.0 | ||
| 008 | 260507s9999||||xx |||||||||||||| ||und|| | ||
| 020 | _a97827451700888 | ||
| 040 | _cfsecg | ||
| 041 | _aara | ||
| 082 | _a330 | ||
| 100 |
_aنصار، أحمد محمد محمود _eمؤلف |
||
| 245 | 0 |
_aالاستثمار بالمشاركة في البنوك الاسلامية : _bالشركات ، المضاربة ، المزارعة ، المساقاة ، المغارسة ، الأسهم ، السندات و الصكوك / _c أحمد محمد محمود نصار |
|
| 260 |
_aبيروت: _bدار الكتب العلمية, _c2010 |
||
| 300 |
_a128 صفحة؛ _bإيضاحات ؛ _c24 سم |
||
| 504 | _aمراجع ص.124 | ||
| 520 | _aمقدمات عن الاستثمار الاسلامي و فقه عقود الاستثمار المتمثل في فقه الشركات ، المضاربة ، المزارعة ، المساقات و فقه المغارسة ، الاستثمار الاسلامي في الشركات الحديثة و في الاسهم و السندات | ||
| 653 | _aالاستثمار | ||
| 653 | _aالأسهم والسندات | ||
| 653 | _aالبنوك | ||
| 653 | _aالبنوك الاسلامية | ||
| 942 | _cكتاب | ||
| 999 |
_c44065 _d44065 |
||